00322nam a2200121Ia 4500008004100000020001500041041001200056100001300068245006800081260003300149300000800182650001000190221030s9999 xx 000 0 und d a8126538591 aEnglish aV. Hosur 0aEarthquake Resistant Design of Building Structurescby V. Hosur bWilley Pub.aNew Delhic2014 a276 aCivil